| 000 | 00384nam a2200145 a 4500 | ||
|---|---|---|---|
| 001 | 519 | ||
| 003 | CDMR | ||
| 005 | 20130704112817.0 | ||
| 008 | 130130s1978||||||||||||||||||||||||||||d | ||
| 040 |
_aCDMR _bcat _cCPC GIRONA |
||
| 100 | 1 |
_aTarroni, Evelina _9374 |
|
| 245 | 1 | 0 |
_aComunicación de masas: perspectivas y métodos _cTarroni i altres |
| 260 |
_c1978 _bGustavo Gili |
||
| 942 |
_cMON _2udc |
||
| 999 |
_c519 _d519 |
||